[Event "Nationale I"]
[Site "Sautron"]
[Date "2011.12.10"]
[Round "4.3"]
[White "Coursaget, Nicolas"]
[Black "Tripoteau, Nicolas"]
[Result "1-0"]
[WhiteElo "2309"]
[BlackElo "2392"]
[PlyCount "93"]
[EventDate "2011.12.10"]
[EventType "team-match"]
[EventCountry "FRA"]
[SourceDate "2011.11.20"]
[WhiteTeam "Lisieux"]
[BlackTeam "Sautron"]

1. d4 Nf6 2. Nf3 c5 3. d5 b5 4. c4 Bb7 5. Qb3 Qb6 6. Nc3 b4 7. Na4 Qa5 8. Nd2
d6 9. a3 Na6 10. e4 g6 11. Bd3 Bg7 12. O-O Rb8 13. axb4 Nxb4 14. Bb1 O-O 15.
Ra3 e6 16. e5 dxe5 17. dxe6 Nc6 18. e7 Nxe7 19. Qe3 Nc6 20. Nxc5 Qc7 21. Nde4
Nd4 22. Nxf6+ Bxf6 23. Nxb7 Rxb7 24. Be4 Rb4 25. Bd5 Rfb8 26. f4 exf4 27. Qe4
f3 28. gxf3 Qd7 29. Re1 Nf5 30. Bf4 Bxb2 31. Bxb8 Rxb8 32. Rd3 Qc7 33. Kh1 Bf6
34. Ra3 Qc5 35. Ra2 Kg7 36. Qf4 Rb3 37. Qd2 Bc3 38. Qd1 Qb4 39. Rg1 a5 40. Qd3
Nd4 41. c5 a4 42. c6 Qb6 43. Bxb3 axb3 44. Ra4 Bb4 45. Rxb4 Qxb4 46. c7 Qc5 47.
c8=Q 1-0

[Event "Nationale I"]
[Site "Sautron"]
[Date "2011.12.10"]
[Round "4.4"]
[White "Delorme, Alban"]
[Black "Barbini, Denis"]
[Result "1-0"]
[WhiteElo "2277"]
[BlackElo "2116"]
[PlyCount "66"]
[EventDate "2011.12.10"]
[EventType "team-match"]
[EventCountry "FRA"]
[SourceDate "2011.11.20"]
[WhiteTeam "Sautron"]
[BlackTeam "Lisieux"]

1. e4 e5 2. d4 exd4 3. Qxd4 Nc6 4. Qe3 Nf6 5. Nc3 Bb4 6. Bd2 O-O 7. O-O-O Re8
8. f3 d5 9. Qf2 Qe7 10. Nxd5 Nxd5 11. exd5 Bc5 12. Qg3 Nb4 13. Bb5 c6 14. Bxb4
cxb5 15. Bc3 Qf8 16. Nh3 Bd6 17. Qh4 Bf5 18. Qg5 Bg6 19. Nf4 b4 20. Nxg6 fxg6
21. Bd2 Re5 22. Qg4 Rxd5 23. Be3 Rf5 24. Kb1 Kh8 25. h4 a5 26. h5 Rxh5 27. Rxh5
gxh5 28. Qxh5 Re8 29. Bc1 Be5 30. f4 g6 31. Qf3 Bg7 32. Qxb7 Re7 33. Qb6 Rf7
1-0

[Event "Nationale I"]
[Site "Sautron"]
[Date "2011.12.10"]
[Round "4.5"]
[White "Le Borgne, Pierre"]
[Black "Sorin, Baptiste"]
[Result "1/2-1/2"]
[WhiteElo "2198"]
[BlackElo "2212"]
[PlyCount "53"]
[EventDate "2011.12.10"]
[EventType "team-match"]
[EventCountry "FRA"]
[SourceDate "2011.11.20"]
[WhiteTeam "Lisieux"]
[BlackTeam "Sautron"]

1. e4 c5 2. Nf3 d6 3. d4 cxd4 4. Qxd4 Nc6 5. Bb5 Bd7 6. Bxc6 bxc6 7. c4 c5 8.
Qd3 Bc6 9. Nc3 g6 10. O-O Bg7 11. Be3 Nf6 12. Rad1 Nd7 13. Rfe1 O-O 14. Qd2 Re8
15. Bh6 Bh8 16. h4 Rb8 17. b3 Qa5 18. Rc1 Qb4 19. Nd5 Qxd2 20. Bxd2 h5 21. Ba5
Ne5 $11 22. Nxe5 Bxe5 23. Bc3 Bxc3 24. Rxc3 Bxd5 25. exd5 a5 26. Re4 e5 27.
dxe6 $11 1/2-1/2

[Event "Nationale I"]
[Site "Sautron"]
[Date "2011.12.10"]
[Round "4.6"]
[White "Barbot, Pierre"]
[Black "Marie, Maxime"]
[Result "1-0"]
[WhiteElo "2266"]
[BlackElo "2202"]
[PlyCount "61"]
[EventDate "2011.12.10"]
[EventType "team-match"]
[EventCountry "FRA"]
[SourceDate "2011.11.20"]
[WhiteTeam "Sautron"]
[BlackTeam "Lisieux"]

1. e4 c5 2. Nf3 Nc6 3. d4 cxd4 4. Nxd4 Nf6 5. Nc3 e5 6. Ndb5 d6 7. Bg5 a6 8.
Na3 b5 9. Bxf6 gxf6 10. Nd5 Bg7 11. Bd3 Ne7 12. Nxe7 Qxe7 13. O-O O-O 14. c4 f5
15. Qf3 d5 16. cxd5 fxe4 17. Bxe4 Qd7 18. d6 Rb8 19. Rfd1 Rd8 20. Rac1 Rb6 21.
Rc7 Qe6 22. d7 Bxd7 23. Qd3 Rbb8 24. Rxd7 Rxd7 25. Qxd7 Qxa2 26. Qf5 Qxb2 27.
Qxh7+ Kf8 28. Nc2 Rc8 29. g3 b4 30. Qf5 Qc3 31. Rd7 1-0

[Event "Nationale I"]
[Site "Sautron"]
[Date "2011.12.10"]
[Round "4.7"]
[White "Marchadour, Emilie"]
[Black "Gallant, Aurelien"]
[Result "0-1"]
[WhiteElo "2022"]
[BlackElo "2017"]
[PlyCount "71"]
[EventDate "2011.12.10"]
[EventType "team-match"]
[EventCountry "FRA"]
[SourceDate "2011.11.20"]
[WhiteTeam "Lisieux"]
[BlackTeam "Sautron"]

1. e4 c5 2. Nf3 d6 3. d4 cxd4 4. Nxd4 Nf6 5. Nc3 a6 6. a4 e5 7. Nb3 Be6 8. Bg5
Nbd7 9. Be2 Be7 10. O-O Qc7 11. f4 O-O 12. Kh1 Rac8 13. Rc1 Bc4 14. Bxc4 Qxc4
15. Qe1 h6 16. Bxf6 Nxf6 17. Rd1 b5 18. axb5 axb5 19. Nd2 Qc5 20. Rf2 Qb4 21.
Nb3 Rc4 22. fxe5 dxe5 23. Nd5 Nxd5 24. exd5 Qd6 25. Re2 Bf6 26. Nd2 Rd4 27. Ne4
Qxd5 28. Nxf6+ gxf6 29. Rxd4 Qxd4 30. c3 Qg4 31. h3 Qg6 32. Re4 Kh8 33. Rg4 Qf5
34. Qd2 Kh7 35. Rb4 Re8 36. Rxb5 0-1

[Event "Nationale I"]
[Site "Sautron"]
[Date "2011.12.10"]
[Round "4.8"]
[White "Dubois, Marie"]
[Black "Doucet, Antoine"]
[Result "1-0"]
[WhiteElo "1778"]
[BlackElo "1917"]
[PlyCount "69"]
[EventDate "2011.12.10"]
[EventType "team-match"]
[EventCountry "FRA"]
[SourceDate "2011.11.20"]
[WhiteTeam "Sautron"]
[BlackTeam "Lisieux"]

1. d4 d5 2. c4 e6 3. Nc3 Nf6 4. cxd5 exd5 5. Bg5 Nbd7 6. e3 Be7 7. Bd3 O-O 8.
Nge2 c6 9. Qc2 Re8 10. O-O Nf8 11. f3 Be6 12. Rad1 Rc8 13. Kh1 a6 14. Bh4 c5
15. Nf4 cxd4 16. exd4 Bd6 17. Nxe6 fxe6 18. Bf2 Nh5 19. Qd2 Nf4 20. Bc2 N8g6
21. Rde1 Qf6 22. Be3 Rf8 23. Qf2 Ne7 24. Qd2 Neg6 25. Qf2 Ne7 26. Qd2 h5 27. g3
Nfg6 28. Bg5 Qf7 29. Qe3 e5 30. dxe5 Bxe5 31. Bxe7 Bxc3 32. Bxg6 Qxg6 33. bxc3
Rfe8 34. Qg5 Qd3 35. Bf6 1-0

[Event "Nationale I"]
[Site "Sautron"]
[Date "2011.12.10"]
[Round "4.1"]
[White "Regoli, Stephane"]
[Black "Jolly, Jean Francois"]
[Result "1/2-1/2"]
[WhiteElo "2253"]
[BlackElo "2387"]
[PlyCount "47"]
[EventDate "2011.12.10"]
[EventType "team-match"]
[EventCountry "FRA"]
[SourceDate "2011.11.20"]
[WhiteTeam "JEEN"]
[BlackTeam "Agneaux St Lô"]

1. e4 e5 2. Nf3 Nc6 3. d4 exd4 4. Bc4 Nf6 5. e5 d5 6. Bb5 Ne4 7. Nxd4 Bd7 8.
Bxc6 bxc6 9. O-O Bc5 10. f3 Ng5 11. f4 Ne4 12. Be3 Qe7 13. Nd2 Nd6 14. Bf2 Nf5
15. N2b3 Bb6 16. a4 a5 17. Qd2 Nxd4 18. Bxd4 O-O 19. Qc3 Bxd4+ 20. Qxd4 Rfb8
21. f5 Rb4 22. Qc3 Qg5 23. e6 Be8 24. exf7+ $11 1/2-1/2

[Event "Nationale I"]
[Site "Sautron"]
[Date "2011.12.10"]
[Round "4.3"]
[White "Jablonski, Noham"]
[Black "Ozenne, Corentin"]
[Result "0-1"]
[WhiteElo "2285"]
[BlackElo "2097"]
[PlyCount "78"]
[EventDate "2011.12.10"]
[EventType "team-match"]
[EventCountry "FRA"]
[SourceDate "2011.11.20"]
[WhiteTeam "JEEN"]
[BlackTeam "Agneaux St Lô"]

1. e4 c5 2. Nf3 d6 3. d4 cxd4 4. Nxd4 Nf6 5. Nc3 e6 6. g4 h6 7. Bg2 Nc6 8. h3
Bd7 9. Ndb5 Qb8 10. Be3 Ne5 11. Qe2 g5 12. f4 gxf4 13. Bxf4 a6 14. Nd4 b5 15.
O-O-O b4 16. Nb1 Qc7 17. Qe1 Rc8 18. Qxb4 Ng6 19. Bg3 e5 20. Nc3 exd4 21. Qxd4
Ne5 22. Rhf1 Be7 23. Bh4 Ng8 24. Bxe7 Nxe7 25. Qxd6 Qxd6 26. Rxd6 Rc6 27. Rfd1
h5 28. g5 Rg8 29. Bf1 Rxg5 30. Bxa6 Rxd6 31. Rxd6 Bxh3 32. a4 Rg6 33. Bb5+ Bd7
34. Rd1 N7c6 35. Nd5 h4 36. Nb6 h3 37. Rh1 Nf3 38. Nxd7 Kxd7 39. Kd1 h2 0-1

[Event "Nationale I"]
[Site "Sautron"]
[Date "2011.12.10"]
[Round "4.4"]
[White "Bouget, Alexandre"]
[Black "Dicko, Henri"]
[Result "1-0"]
[WhiteElo "2153"]
[BlackElo "2142"]
[PlyCount "117"]
[EventDate "2011.12.10"]
[EventType "team-match"]
[EventCountry "FRA"]
[SourceDate "2011.11.20"]
[WhiteTeam "Agneaux St Lô"]
[BlackTeam "JEEN"]

1. d4 f5 2. c4 Nf6 3. Nc3 g6 4. g3 Bg7 5. Bg2 O-O 6. Nf3 d6 7. O-O Qe8 8. d5 a5
9. Nd4 Na6 10. e4 fxe4 11. Nxe4 Nxe4 12. Bxe4 Bh3 13. Re1 Qf7 14. Be3 Nc5 15.
Bh1 Rae8 16. Qd2 a4 17. Nb5 e6 18. dxe6 Bxe6 19. Rac1 Kh8 20. f4 Re7 21. Bxc5
dxc5 22. Bxb7 Rd7 23. Qe2 Bf5 24. Bc6 Rdd8 25. Rcd1 Qf6 26. Rxd8 Rxd8 27. Qe7
Qxe7 28. Rxe7 Bxb2 29. Bd5 c6 30. Bxc6 Rd2 31. Be4 Re2 32. Nd6 Bxe4 33. Nxe4
Bd4+ 34. Kh1 Rxa2 35. Ng5 Rc2 36. Rxh7+ Kg8 37. Ra7 Rxc4 38. Kg2 Bb2 39. Kf3 a3
40. Ne4 Rc2 41. Kg4 c4 42. Kg5 Re2 43. Kxg6 Kf8 44. Nf6 Bxf6 45. Kxf6 c3 46.
Rxa3 c2 47. Rc3 Kg8 48. h4 Rg2 49. f5 c1=Q 50. Rxc1 Rxg3 51. Rc8+ Kh7 52. Kf7
Rg1 53. f6 Rg2 54. Rc5 Kh6 55. Kf8 Ra2 56. Re5 Kg6 57. f7 Ra8+ 58. Re8 Ra7 59.
Kg8 1-0

[Event "Nationale I"]
[Site "Sautron"]
[Date "2011.12.10"]
[Round "4.5"]
[White "Iordanov, Nikolay"]
[Black "Amoyal, Pierre"]
[Result "1-0"]
[WhiteElo "2211"]
[BlackElo "2188"]
[PlyCount "71"]
[EventDate "2011.12.10"]
[EventType "team-match"]
[EventCountry "FRA"]
[SourceDate "2011.11.20"]
[WhiteTeam "JEEN"]
[BlackTeam "Agneaux St Lô"]

1. e4 e5 2. Nf3 Nc6 3. Bc4 Nf6 4. d3 Be7 5. Nc3 d6 6. Be3 Na5 7. h3 c6 8. a3
Nxc4 9. dxc4 O-O 10. O-O Qc7 11. Qe2 h6 12. Rfd1 Be6 13. Rd2 a6 14. a4 Qa5 15.
c5 Qc7 16. cxd6 Bxd6 17. a5 Nd7 18. Bb6 Nxb6 19. axb6 Qxb6 20. Rxd6 Qxb2 21.
Qe1 Rfd8 22. Rxd8+ Rxd8 23. Nxe5 Qxc2 24. Qc1 Rd2 25. Qxc2 Rxc2 26. Na4 b5 27.
Nb6 b4 28. Rxa6 b3 29. Na4 c5 30. Rb6 c4 31. f4 f6 32. Ng6 Bd7 33. f5 Kf7 34.
Rb7 Rd2 35. Kh2 Ke8 36. Rb8+ 1-0

[Event "Nationale I"]
[Site "Sautron"]
[Date "2011.12.10"]
[Round "4.6"]
[White "Auvray, Simon"]
[Black "Mehaibia, Azzedine"]
[Result "1-0"]
[WhiteElo "2009"]
[BlackElo "2147"]
[PlyCount "61"]
[EventDate "2011.12.10"]
[EventType "team-match"]
[EventCountry "FRA"]
[SourceDate "2011.11.20"]
[WhiteTeam "Agneaux St Lô"]
[BlackTeam "JEEN"]

1. e4 c5 2. Nf3 g6 3. c3 Bg7 4. d4 cxd4 5. cxd4 d5 6. e5 Nh6 7. Nc3 Nc6 8. h3
O-O 9. Bf4 f6 10. exf6 exf6 11. Be2 Be6 12. O-O Nf7 13. Na4 f5 14. Bb5 Nd6 15.
Bxc6 bxc6 16. Rc1 Rc8 $11 17. Rc2 Ne4 18. Qc1 Qa5 19. b3 Bd7 20. Be5 Rf7 21.
Bxg7 Rxg7 22. Ne5 Qb4 23. Rd1 Qd6 24. Nc5 Be8 25. Rd3 Re7 $11 26. f3 Nf6 27.
Rdc3 Nh5 28. Ncd3 Rec7 29. b4 Ng7 30. Nc5 Qd8 31. Na6 1-0

[Event "Nationale I"]
[Site "Sautron"]
[Date "2011.12.10"]
[Round "4.7"]
[White "Bousmaha, Abderahmane"]
[Black "Restout, Bruce"]
[Result "0-1"]
[WhiteElo "2080"]
[BlackElo "2029"]
[PlyCount "78"]
[EventDate "2011.12.10"]
[EventType "team-match"]
[EventCountry "FRA"]
[SourceDate "2011.11.20"]
[WhiteTeam "JEEN"]
[BlackTeam "Agneaux St Lô"]

1. e4 c5 2. Nf3 g6 3. d4 cxd4 4. Nxd4 Nc6 5. c4 d6 6. Nc3 Nf6 7. Be2 Nxd4 8.
Qxd4 Bg7 9. Be3 O-O 10. Qd2 Qa5 11. f3 Be6 12. O-O Rfc8 13. Rfc1 a6 14. Rab1
Qd8 15. b3 Nd7 16. g4 Nc5 17. Rc2 f5 18. gxf5 gxf5 19. Bh6 Qf8 20. Bxg7 Qxg7+
21. Kh1 Kh8 22. Rg1 Qe5 23. f4 Qf6 24. Bf3 Rg8 25. Qe3 Rxg1+ 26. Kxg1 Rg8+ 27.
Kf1 fxe4 28. Bxe4 Nxe4 29. Nxe4 Qa1+ 30. Ke2 Rg2+ 31. Kd3 Qb1 32. Qc1 Qxc1 33.
Rxc1 Rxh2 34. a4 Rh3+ 35. Kd4 Rxb3 36. Ng5 Bf5 37. Rd1 Ra3 38. Rd2 Kg7 39. Rd1
h6 0-1

[Event "Nationale I"]
[Site "Sautron"]
[Date "2011.12.10"]
[Round "4.8"]
[White "Auvray, Honorine"]
[Black "Gatine, Aurelia"]
[Result "1-0"]
[WhiteElo "1738"]
[BlackElo "1973"]
[PlyCount "41"]
[EventDate "2011.12.10"]
[EventType "team-match"]
[EventCountry "FRA"]
[SourceDate "2011.11.20"]
[WhiteTeam "Agneaux St Lô"]
[BlackTeam "JEEN"]

1. e4 c5 2. Nf3 d6 3. d4 cxd4 4. Nxd4 Nf6 5. Nc3 g6 6. h3 Bg7 7. Be3 O-O 8. Bc4
Nc6 9. Bb3 Bd7 10. O-O Rc8 11. Re1 Ne5 12. f4 Nc4 13. Bxc4 Rxc4 14. Qd3 Qc8 15.
e5 Nh5 16. Nd5 Re8 17. exd6 exd6 18. c3 b5 19. Bf2 Qa8 20. Qf3 Be6 21. f5 1-0

[Event "Nationale I"]
[Site "Sautron"]
[Date "2011.12.11"]
[Round "5.1"]
[White "Jolly, Jean Francois"]
[Black "Colin, Vincent"]
[Result "1-0"]
[WhiteElo "2387"]
[BlackElo "2415"]
[PlyCount "207"]
[EventDate "2011.12.11"]
[EventType "team-match"]
[EventCountry "FRA"]
[SourceDate "2011.11.20"]
[WhiteTeam "Agneaux St Lô"]
[BlackTeam "Lisieux"]

1. e4 c5 2. Nf3 Nc6 3. Bb5 d6 4. Bxc6+ bxc6 5. O-O e5 6. c3 g5 7. d4 g4 8. Nfd2
cxd4 9. cxd4 exd4 10. Nc4 c5 11. Bf4 Be6 12. Nbd2 f6 13. b4 cxb4 14. Qa4+ Qd7
15. Qxb4 Rd8 16. Na5 Ne7 17. Qxd4 Ng6 18. Be3 Bg7 19. Rab1 f5 20. Qd3 O-O 21.
Rb7 Qa4 22. exf5 Rxf5 23. Nab3 Nf4 24. Bxf4 Qxf4 25. Rxa7 Be5 26. g3 Qb4 27.
Re7 Bc8 28. Nc4 Bf6 29. Ne3 Qb5 30. Qxb5 Rxb5 31. Rc7 h5 32. Rd1 Bb7 33. Nf5
Bf3 34. Nh6+ Kf8 35. Rdc1 Bg5 36. Nd4 Bxh6 37. Nxb5 Bxc1 38. Rxc1 Kf7 39. Nd4
Be4 40. a4 Ra8 41. Ra1 Kf6 42. f4 gxf3 43. Kf2 Ke5 44. Nxf3+ Kd5 45. Ke3 Bc2
46. a5 Ra7 47. a6 Bg6 48. Nh4 Be8 49. Nf5 Ke5 50. Nd4 d5 51. Nf3+ Kd6 52. Kd4
Bc6 53. Ne5 Ba8 $11 54. h4 Re7 55. a7 Kc7 56. Rf1 Kb6 57. Rf7 Re8 58. Rf8 Rxf8
59. Nd7+ Kxa7 60. Nxf8 Kb6 61. Ne6 Kc6 62. Ng7 Kd6 63. Nxh5 Ke6 64. g4 Bb7 65.
Nf4+ Kf6 66. Nxd5+ Ke6 67. Nf4+ Kf6 68. Ke3 Bc8 69. Kf3 Bb7+ 70. Kg3 Be4 71. h5
Kg5 72. Nh3+ Kf6 73. Kf4 Bc2 74. g5+ Kg7 75. Nf2 Kh7 76. Ne4 Bd1 77. Ng3 Kg7
78. Kf5 Bc2+ 79. Kg4 Bd1+ 80. Kh4 Bc2 81. Ne2 Bd3 82. Nd4 Kf7 83. Kg4 Be4 84.
Kf4 Bd3 85. Nf3 Kg7 86. Nd4 Kf7 87. Kg4 Be4 88. Nf5 Bd3 89. Kf4 Ke6 90. Ne3 Kf7
91. Ng4 Kg7 92. Ne5 Be2 93. h6+ Kh7 94. Kf5 Bd1 95. Kf6 Bc2 96. Ng4 Bd3 97. Ne3
Bg6 98. Nf5 Be8 99. Nd4 Bg6 100. Ne6 Bd3 101. Nf8+ Kg8 102. g6 Bc4 103. h7+ Kh8
104. g7# 1-0

[Event "Nationale I"]
[Site "Sautron"]
[Date "2011.12.11"]
[Round "5.3"]
[White "Ozenne, Corentin"]
[Black "Barbini, Denis"]
[Result "1-0"]
[WhiteElo "2097"]
[BlackElo "2116"]
[PlyCount "129"]
[EventDate "2011.12.11"]
[EventType "team-match"]
[EventCountry "FRA"]
[SourceDate "2011.11.20"]
[WhiteTeam "Agneaux St Lô"]
[BlackTeam "Lisieux"]

1. d4 d5 2. c4 c6 3. Nc3 Nf6 4. Nf3 e6 5. g3 Bd6 6. Bg2 O-O 7. O-O Nbd7 8. b3
Qe7 9. Qc2 dxc4 10. bxc4 e5 11. d5 cxd5 12. cxd5 Nb6 13. e4 Bd7 14. Nd2 Rfc8
15. Qb3 Rc7 16. Bb2 Rac8 17. Rfc1 Bc5 18. a4 Ng4 19. Rf1 Bd4 20. Nd1 Bxb2 21.
Nxb2 Rc3 22. Qd1 Rc2 23. a5 Rxb2 24. axb6 a6 25. Rc1 Rxb6 26. Rxc8+ Bxc8 27.
Qc2 Qd8 28. Rc1 Bd7 29. h3 Nf6 30. Nc4 Rb5 31. Nxe5 g6 32. Nd3 a5 33. Qc4 Be8
34. Rd1 a4 35. e5 Nh5 36. d6 Ng7 37. Nc5 b6 38. Nxa4 Rxe5 39. d7 Bxd7 40. Bc6
Re7 41. Qb5 Qe8 42. Bxd7 Re1+ 43. Rxe1 Qxe1+ 44. Qf1 Qd2 45. Nxb6 Qd4 46. Qb1
Nh5 47. Kg2 Nf6 48. Bc6 h5 49. Bf3 g5 50. Nc8 g4 51. hxg4 hxg4 52. Bc6 Qc5 53.
Qb5 Qc3 54. Ne7+ Kf8 55. Nf5 Kg8 56. Qb8+ Kh7 57. Ba8 Qa5 58. Ne3 Kg7 59. Bc6
Qc5 60. Qb7 Qg5 61. Qb5 Qg6 62. Qf5 Qxf5 63. Nxf5+ Kg6 64. Nd6 Nh5 65. Be8 1-0

[Event "Nationale I"]
[Site "Sautron"]
[Date "2011.12.11"]
[Round "5.4"]
[White "Blanche, Paul"]
[Black "Amoyal, Pierre"]
[Result "0-1"]
[WhiteElo "2125"]
[BlackElo "2188"]
[PlyCount "58"]
[EventDate "2011.12.11"]
[EventType "team-match"]
[EventCountry "FRA"]
[SourceDate "2011.11.20"]
[WhiteTeam "Lisieux"]
[BlackTeam "Agneaux St Lô"]

1. Nf3 Nf6 2. b3 g6 3. Bb2 Bg7 4. c4 O-O 5. g3 d6 6. Bg2 Nc6 7. Nc3 e5 8. d3
Re8 9. Nd2 Be6 10. Nd5 Bxd5 11. cxd5 Nb4 12. Nc4 Nbxd5 13. Qd2 c6 14. O-O Nb6
15. Rfd1 d5 16. Nxe5 Qd6 17. d4 Ne4 18. Bxe4 dxe4 19. Qf4 Qe6 20. Rdc1 Nd5 21.
Qd2 Qh3 22. e3 Nf6 23. f4 exf3 24. Nxf3 Rad8 25. Re1 Bh6 26. Rad1 Ng4 27. Kh1
Bxe3 28. Rxe3 Rxe3 29. Ng1 Qh5 0-1

[Event "Nationale I"]
[Site "Sautron"]
[Date "2011.12.11"]
[Round "5.5"]
[White "Bouget, Alexandre"]
[Black "Decosse, Jean Fabien"]
[Result "1-0"]
[WhiteElo "2153"]
[BlackElo "2210"]
[PlyCount "93"]
[EventDate "2011.12.11"]
[EventType "team-match"]
[EventCountry "FRA"]
[SourceDate "2011.11.20"]
[WhiteTeam "Agneaux St Lô"]
[BlackTeam "Lisieux"]

1. d4 d6 2. Nf3 Nf6 3. c4 Nbd7 4. Nc3 e5 5. Bg5 Be7 6. e3 c6 7. Qc2 h6 8. Bh4
Nh5 9. Bxe7 Qxe7 10. g4 Nhf6 11. O-O-O e4 12. Nd2 Nxg4 13. Ndxe4 Ngf6 14. Rg1
Rg8 15. Bd3 Nxe4 16. Bxe4 g5 17. Bf3 Nf8 18. c5 dxc5 19. d5 Bd7 20. dxc6 bxc6
21. Ne4 Rg6 22. Nxc5 Rb8 23. Nxd7 Nxd7 24. Bxc6 Rc8 25. Bxd7+ Qxd7 26. Rxd7
Rxc2+ 27. Kxc2 Kxd7 28. Rg4 Rc6+ 29. Kd3 Ke6 30. Ra4 a6 31. Rc4 Rd6+ 32. Kc2
Kf5 33. b4 Ke5 34. a4 Rf6 35. f4+ gxf4 36. Rxf4 Rc6+ 37. Kd3 f5 38. b5 axb5 39.
axb5 Rd6+ 40. Rd4 Rb6 41. Kc4 Rb8 42. Rh4 Rc8+ 43. Kb4 Rc1 44. b6 Rb1+ 45. Kc5
Rc1+ 46. Rc4 Rb1 47. Kc6 1-0

[Event "Nationale I"]
[Site "Sautron"]
[Date "2011.12.11"]
[Round "5.6"]
[White "Marie, Maxime"]
[Black "Auvray, Simon"]
[Result "0-1"]
[WhiteElo "2202"]
[BlackElo "2009"]
[PlyCount "96"]
[EventDate "2011.12.11"]
[EventType "team-match"]
[EventCountry "FRA"]
[SourceDate "2011.11.20"]
[WhiteTeam "Lisieux"]
[BlackTeam "Agneaux St Lô"]

1. c4 e5 2. g3 Nc6 3. Bg2 g6 4. Nc3 Bg7 5. e3 d6 6. Rb1 Be6 7. d3 Nge7 8. Nd5
Qd7 9. b4 h5 10. h4 O-O 11. Ne2 Nd8 12. Qb3 c6 13. Nxe7+ Qxe7 14. O-O Qd7 15.
Kh2 d5 16. Ba3 dxc4 17. dxc4 b5 18. Rfd1 Qc7 19. Rbc1 Bxc4 20. Rxc4 bxc4 21.
Qxc4 Ne6 22. b5 Rfd8 23. Rxd8+ Rxd8 24. bxc6 Bf8 25. Bxf8 Rxf8 26. Nc3 Qd8 27.
Qa6 Qb8 28. Qc4 Nc7 $11 29. a4 Qb2 30. Ne4 Rd8 31. Qc5 Qb6 32. Qxe5 Nd5 33. Qg5
Qc7 34. Qh6 Qxc6 35. Ng5 Qf6 36. Ne4 Qe5 37. Nc5 Qg7 38. Qxg7+ Kxg7 39. Ne4 Nf6
40. Nc3 Rd2 41. Nb5 a5 42. Bc6 Rxf2+ 43. Kg1 Re2 44. Na3 Rxe3 45. Nc4 Rxg3+ 46.
Kf2 Rg4 47. Nxa5 Ne4+ 48. Kf3 Nc5 0-1

[Event "Nationale I"]
[Site "Sautron"]
[Date "2011.12.11"]
[Round "5.7"]
[White "Restout, Bruce"]
[Black "Le Borgne, Pierre"]
[Result "0-1"]
[WhiteElo "2029"]
[BlackElo "2198"]
[PlyCount "56"]
[EventDate "2011.12.11"]
[EventType "team-match"]
[EventCountry "FRA"]
[SourceDate "2011.11.20"]
[WhiteTeam "Agneaux St Lô"]
[BlackTeam "Lisieux"]

1. d4 d6 2. e4 Nf6 3. Nc3 Nbd7 4. Be3 e5 5. f3 c6 6. Qd2 Be7 7. O-O-O O-O 8.
Kb1 b5 9. g4 Qc7 10. g5 Ne8 11. Nce2 Nb6 12. Ng3 exd4 13. Bxd4 c5 14. Be3 b4
15. b3 a5 16. h4 a4 17. Bh3 Be6 18. f4 Qa7 19. Bxe6 fxe6 20. Nf3 Nc7 21. Rh2
Nb5 22. Ne2 Na3+ 23. Kc1 axb3 24. cxb3 Nac4 25. bxc4 Nxc4 26. Qd3 Qxa2 27. Nc3
Qa3+ 28. Kb1 Qa1+ 0-1

[Event "Nationale I"]
[Site "Sautron"]
[Date "2011.12.11"]
[Round "5.1"]
[White "Stephan, Victor"]
[Black "Jablonski, Noham"]
[Result "1/2-1/2"]
[WhiteElo "2313"]
[BlackElo "2285"]
[PlyCount "74"]
[EventDate "2011.12.11"]
[EventType "team-match"]
[EventCountry "FRA"]
[SourceDate "2011.11.20"]
[WhiteTeam "Sautron"]
[BlackTeam "JEEN"]

1. e4 c5 2. Nf3 e6 3. d4 cxd4 4. Nxd4 a6 5. Nc3 Qc7 6. Bd3 Nf6 7. O-O b5 8. a3
d6 9. Qe2 Be7 10. Bd2 Nbd7 11. b4 Ne5 12. a4 bxa4 13. Rxa4 Nxd3 14. cxd3 O-O
15. b5 Bb7 16. Rc1 Qd7 17. Rca1 axb5 18. Ndxb5 Rxa4 19. Rxa4 Ra8 20. Qd1 h6 21.
Rxa8+ Bxa8 22. Qa1 Bb7 23. Qa7 Qc6 24. h3 Kh7 25. Qb8 Ba8 26. Nd4 Qb7 27. Qxb7
Bxb7 28. Ncb5 Ba6 29. Bb4 Ne8 30. e5 dxe5 31. Bxe7 exd4 32. Nxd4 Bxd3 33. f3
Kg6 34. Kf2 e5 35. Nc6 f6 36. Ba3 Nc7 37. Bd6 Nd5 1/2-1/2

[Event "Nationale I"]
[Site "Sautron"]
[Date "2011.12.11"]
[Round "5.2"]
[White "Regoli, Stephane"]
[Black "Tripoteau, Nicolas"]
[Result "0-1"]
[WhiteElo "2253"]
[BlackElo "2392"]
[PlyCount "60"]
[EventDate "2011.12.11"]
[EventType "team-match"]
[EventCountry "FRA"]
[SourceDate "2011.11.20"]
[WhiteTeam "JEEN"]
[BlackTeam "Sautron"]

1. e4 c5 2. Nf3 e6 3. b3 d6 4. Bb2 Nf6 5. Bb5+ Nbd7 6. Qe2 a6 7. Bxd7+ Bxd7 8.
O-O e5 9. d3 g6 10. Ne1 Bh6 11. f4 Bxf4 12. Qf3 Bg4 13. Qf2 Be6 14. g3 Ng4 15.
Qf3 Be3+ 16. Kh1 Bg5 17. Nc3 O-O 18. Ng2 Qd7 19. h3 Nh6 20. g4 f5 21. gxf5 gxf5
22. Rg1 Kh8 23. Qh5 Rg8 24. h4 Bf7 25. Qf3 fxe4 26. dxe4 Bh5 27. Qd3 Be3 28.
Qxe3 Ng4 29. Qd3 Nf2+ 30. Kh2 Nxd3 0-1

[Event "Nationale I"]
[Site "Sautron"]
[Date "2011.12.11"]
[Round "5.3"]
[White "Lubczynski, Rafal"]
[Black "Bekkat, Azzedine"]
[Result "1-0"]
[WhiteElo "2413"]
[BlackElo "2209"]
[PlyCount "101"]
[EventDate "2011.12.11"]
[EventType "team-match"]
[EventCountry "FRA"]
[SourceDate "2011.11.20"]
[WhiteTeam "Sautron"]
[BlackTeam "JEEN"]

1. d4 Nf6 2. c4 e6 3. g3 c5 4. d5 exd5 5. cxd5 d6 6. Nc3 g6 7. Bg2 Bg7 8. Nf3
O-O 9. O-O Re8 10. Nd2 Nbd7 11. h3 a6 12. a4 Rb8 13. a5 b5 14. axb6 Nxb6 15.
Qc2 Bb7 16. e4 c4 17. Na4 Nfd7 18. Rd1 Qc7 19. Nb3 Rbc8 20. Nd4 Ne5 21. Be3 Nd3
22. Rd2 Nxa4 23. Qxa4 Nc5 $11 24. Qc2 Qe7 25. Nc6 Bxc6 26. Bxc5 dxc5 27. dxc6
Rxc6 28. Qxc4 Qe6 29. Bf1 Bd4 30. Rc1 Qxc4 31. Rxc4 Rxe4 32. b4 Ree6 33. bxc5
Bxc5 34. Rdc2 Re5 35. Bg2 Rc7 36. Kh2 g5 37. f4 gxf4 38. gxf4 Rf5 39. Kg3 Kg7
40. Kg4 Kf6 41. Be4 Bd6 42. Bxf5 Rxc4 43. Rxc4 h5+ 44. Kf3 Kxf5 45. Rd4 Ke6 46.
Ra4 Kf5 47. Ra5+ Ke6 48. Rxa6 f5 49. Kg3 Kd5 50. Rxd6+ Kxd6 51. Kh4 1-0

[Event "Nationale I"]
[Site "Sautron"]
[Date "2011.12.11"]
[Round "5.4"]
[White "Iordanov, Nikolay"]
[Black "Delorme, Alban"]
[Result "1/2-1/2"]
[WhiteElo "2211"]
[BlackElo "2277"]
[PlyCount "28"]
[EventDate "2011.12.11"]
[EventType "team-match"]
[EventCountry "FRA"]
[SourceDate "2011.11.20"]
[WhiteTeam "JEEN"]
[BlackTeam "Sautron"]

1. e4 c5 2. Nc3 Nc6 3. Bc4 g6 4. f4 Bg7 5. Nf3 e6 6. a4 Nge7 7. Ba2 O-O 8. d3
d5 9. e5 f6 10. exf6 Bxf6 11. O-O Nf5 12. Ne2 Kh8 13. Qe1 Qc7 14. c3 b6 1/2-1/2

[Event "Nationale I"]
[Site "Sautron"]
[Date "2011.12.11"]
[Round "5.5"]
[White "Sorin, Baptiste"]
[Black "Dicko, Henri"]
[Result "0-1"]
[WhiteElo "2212"]
[BlackElo "2142"]
[PlyCount "90"]
[EventDate "2011.12.11"]
[EventType "team-match"]
[EventCountry "FRA"]
[SourceDate "2011.11.20"]
[WhiteTeam "Sautron"]
[BlackTeam "JEEN"]

1. e4 e5 2. Nf3 Nc6 3. d4 Nf6 4. Bg5 h6 5. Bxf6 Qxf6 6. d5 Nb8 7. a3 d6 8. c4
Be7 9. b4 O-O 10. Nbd2 Qg6 11. c5 f5 12. cxd6 cxd6 13. Bd3 Qxg2 14. Rg1 Qh3 15.
Rc1 fxe4 16. Bxe4 Bg4 17. Rc7 Nd7 18. Rg3 Qh5 19. Qc2 Rf6 20. Ng1 Bd8 21. Rxb7
Nf8 22. h3 Bd7 23. Rxd7 Nxd7 24. Bg6 Rxg6 25. Rxg6 Nf6 26. Rg3 Bb6 27. Qc6 Rf8
28. Rg2 Qf5 29. Qxd6 Bxf2+ 30. Kd1 Qh5+ 31. Ne2 Be3 32. Nc4 Qf3 33. Nxe3 Qxe3
34. Qe6+ Kh8 35. Qe7 Qd3+ 36. Ke1 Qb1+ 37. Kd2 Qb2+ 38. Ke1 Qb1+ 39. Kd2 Qa2+
40. Ke1 Qa1+ 41. Kd2 Ne4+ 42. Kd3 Qxa3+ 43. Kc4 Qa2+ 44. Kb5 Rb8+ 45. Kc6 Qc4+
0-1